>Responses for Show #8561 - Monday, January 24, 2022>h1>

>Amy Schneider game 39.

Contestants

>[&lt;< previous game]

> href="showplayer.php?player_id=14415" rel="external">Joanne Mercer>, a nursing assistant from Toledo, Ohio

> href="showplayer.php?player_id=14416" rel="external">Erin O'Leary>, an attorney from New York, New York

> href="showplayer.php?player_id=14315" rel="external">Amy Schneider>, an engineering manager from Oakland, California (whose 38-day cash winnings total $1,307,200)

>[next game >>]

Jeopardy! Round responses

ble class="round"> <tr>
>WRITERS DO RIGHT>tr> <tr>>td>tr> able> <tr>
>ROMA LIFE & CULTURE>tr> <tr>>td>tr> able> <tr>
>'90s R&B & HIP-HOP>tr> <tr>>td>tr> able> <tr>
>GOVERNMENT AGENCIES>tr> <tr>>td>tr> able> <tr>
>RATTLE & HUM>tr> <tr>>td>tr> able> <tr> </tr> <tr> </tr> <tr> </tr> <tr> </tr> <tr> </tr> <tr> </tr> <tr> </tr> <tr> </tr> <tr> </tr> <tr> </tr> <tr> </tr> <tr> </tr> <tr> </tr> <tr> </tr> <tr> </tr> <tr> </tr> <tr> </tr> <tr> </tr> <tr> </tr> <tr> </tr> <tr> </tr> <tr> </tr> <tr> </tr> <tr> </tr> <tr> </tr> <tr> </tr> <tr> </tr> <tr> </tr> <tr> </tr> <tr> </tr> <tr> </tr> <tr> </tr> <tr> </tr> <tr> </tr> <tr> </tr> <tr> </tr> able> >Scores at the first commercial break (after clue 15):
>U2>tr> <tr>>(Ken: Each response is a word with two "U"s; it has nothing to do with the band.)>tr> able> <tr> <td>
>&#160;   >$200 > href="suggestcorrection.php?clue_id=422585" title="Suggest a correction for this clue" rel="nofollow">10>td>
>m class="correct_response">Agatha Christie>r />
>able width="100%">>d class="right">Amy>tr>>td> </tr> able>
<tr> <td>
>&#160;   >$200 > href="suggestcorrection.php?clue_id=422586" title="Suggest a correction for this clue" rel="nofollow">9>td>
>m class="correct_response">Romania>r />
>able width="100%">>d class="right">Erin>tr>>td> </tr> able>
<tr> <td>
>&#160;   >$200 > href="suggestcorrection.php?clue_id=422580" title="Suggest a correction for this clue" rel="nofollow">1>td>
(Ken: It's Hammer time, yes.)
>r />m class="correct_response">MC Hammer>r />
>able width="100%">>d class="right">Amy>tr>>td> </tr> able>
<tr> <td>
>&#160;   >$200 > href="suggestcorrection.php?clue_id=422594" title="Suggest a correction for this clue" rel="nofollow">15>td>
>m class="correct_response">the EPA>r />
>able width="100%">>d class="right">Amy>tr>>td> </tr> able>
<tr> <td>
>&#160;   >$200 > href="suggestcorrection.php?clue_id=422603" title="Suggest a correction for this clue" rel="nofollow">25>td>
>m class="correct_response">a hummingbird>r />
>able width="100%">>d class="right">Joanne :)>tr>>td> </tr> able>
<tr> <td>
>&#160;   >$200 > href="suggestcorrection.php?clue_id=422608" title="Suggest a correction for this clue" rel="nofollow">30>td>
>m class="correct_response">guru>r />
>able width="100%">>d class="right">Amy>tr>>td> </tr> able>
<tr> <td>
>&#160;   >$400 > href="suggestcorrection.php?clue_id=422601" title="Suggest a correction for this clue" rel="nofollow">23>td>
>m class="correct_response">the Innocence Project>r />
>able width="100%">>d class="right">Erin>tr>>td> </tr> able>
<tr> <td>
>&#160;   >$400 > href="suggestcorrection.php?clue_id=422590" title="Suggest a correction for this clue" rel="nofollow">11>td>
>m class="correct_response">a caravan>r />
>able width="100%">>d class="right">Amy>tr>>td> </tr> able>
<tr> <td>
>&#160;   >$400 > href="suggestcorrection.php?clue_id=422581" title="Suggest a correction for this clue" rel="nofollow">2>td>
>m class="correct_response">Boyz II Men>r />
>able width="100%">>d class="right">Amy>tr>>td> </tr> able>
<tr> <td>
>&#160;   >$400 > href="suggestcorrection.php?clue_id=422597" title="Suggest a correction for this clue" rel="nofollow">16>td>
>m class="correct_response">the FAA>r />
>able width="100%">>d class="right">Erin>tr>>td> </tr> able>
<tr> <td>
>&#160;   >$400 > href="suggestcorrection.php?clue_id=422604" title="Suggest a correction for this clue" rel="nofollow">26>td>
>m class="correct_response">rattlesnake>r />
>able width="100%">>d class="right">Amy>tr>>td> </tr> able>
<tr> <td>
>&#160;   >$400 > href="suggestcorrection.php?clue_id=422609" title="Suggest a correction for this clue" rel="nofollow">24>td>
>m class="correct_response">uncut>r />
>able width="100%">>d class="right">Amy>tr>>td> </tr> able>
<tr> <td>
>&#160;   >$600 > href="suggestcorrection.php?clue_id=422602" title="Suggest a correction for this clue" rel="nofollow">22>td>
>m class="correct_response">Dickens>r />
>able width="100%">>d class="right">Amy>tr>>td> </tr> able>
<tr> <td>
>&#160;   >$600 > href="suggestcorrection.php?clue_id=422591" title="Suggest a correction for this clue" rel="nofollow">12>td>
(Erin: What is a porcupine?)
>r />m class="correct_response">a hedgehog>r />
>able width="100%">>d class="right">Amy>d class="wrong">Erin>tr>>td> </tr> able>
<tr> <td>
>&#160;   >$600 > href="suggestcorrection.php?clue_id=422582" title="Suggest a correction for this clue" rel="nofollow">3>td>
>m class="correct_response">LL Cool J>r />
>able width="100%">>d class="right">Erin>tr>>td> </tr> able>
<tr> <td>
>&#160;   >$600 > href="suggestcorrection.php?clue_id=422598" title="Suggest a correction for this clue" rel="nofollow">17>td>
>m class="correct_response">nuclear reactors>r />
>able width="100%">>d class="right">Amy>tr>>td> </tr> able>
<tr> <td>
>&#160;   >$600 > href="suggestcorrection.php?clue_id=422605" title="Suggest a correction for this clue" rel="nofollow">27>td>
>m class="correct_response">the pistons>r />
>able width="100%">>d class="right">Amy>tr>>td> </tr> able>
<tr> <td>
>&#160;   >$600 > href="suggestcorrection.php?clue_id=422583" title="Suggest a correction for this clue" rel="nofollow">4>td>
>m class="correct_response">a fulcrum>r />
>able width="100%">>d class="right">Erin>tr>>td> </tr> able>
<tr> <td>
>&#160;   >$800 > href="suggestcorrection.php?clue_id=422595" title="Suggest a correction for this clue" rel="nofollow">21>td>
>m class="correct_response">the Lost Boys>r />
>able width="100%">>d class="right">Joanne :)>tr>>td> </tr> able>
<tr> <td>
>&#160;   >$800 > href="suggestcorrection.php?clue_id=422592" title="Suggest a correction for this clue" rel="nofollow">13>td>
>m class="correct_response">Auschwitz>r />
>able width="100%">>d class="right">Joanne :)>tr>>td> </tr> able>
<tr> <td>
>&#160;   >$800 > href="suggestcorrection.php?clue_id=422587" title="Suggest a correction for this clue" rel="nofollow">7>td>
>m class="correct_response">En Vogue>r />
>able width="100%">>d class="right">Amy>tr>>td> </tr> able>
<tr> <td>
>&#160;   >$800 > href="suggestcorrection.php?clue_id=422599" title="Suggest a correction for this clue" rel="nofollow">18>td>
>m class="correct_response">the Bureau of Land Management>r />
>able width="100%">>d class="right">Erin>tr>>td> </tr> able>
<tr> <td>
>&#160;   >$800 > href="suggestcorrection.php?clue_id=422606" title="Suggest a correction for this clue" rel="nofollow">28>td>
(Joanne: What are geysers?)
>r />m class="correct_response">the Great Sand Dunes>r />
>able width="100%">>d class="wrong">Joanne :)>tr>>able>>d class="wrong">Triple Stumper>tr>>td> </tr> able>
<tr> <td>
>&#160;   >$1,200 > href="suggestcorrection.php?clue_id=422584" title="Suggest a correction for this clue" rel="nofollow">5>td>
>(Erin: [Sighs])
(Ken: Erin?)
(Erin: What is papyrus?)
>r />m class="correct_response">bulrushes>r />
>able width="100%">>d class="wrong">Erin>tr>>td> </tr> able>
<tr> <td>
>&#160;   >$1000 > href="suggestcorrection.php?clue_id=422596" title="Suggest a correction for this clue" rel="nofollow">20>td>
>(Erin: Who is Anne Rice?)
(Amy: [Hands up] Nope.)
>r />Stephenie Meyer>r />
>able width="100%">r>d class="wrong">Amy>d class="wrong">Erin>tr>>able>>d class="wrong">Triple Stumper>tr>>td> </tr> able>
<tr> <td>
>&#160;   >$1000 14>td>
Django Reinhardt>r />
>able width="100%">>d class="right">Amy>tr>>td> </tr> able>
<tr> <td>
>&#160;   >$1000 8>td>
"This Is How We Do It">r />r />able>>d class="wrong">Triple Stumper>tr>>td> </tr> able> <tr> <td>
>&#160;   >$1000 19>td>
(Ken: Yes, it's now the Government [*] Office.)
>r />Accountability>r />
>able width="100%">>d class="right">Joanne :)>tr>>td> </tr> able>
<tr> <td>
>&#160;   >$1000 29>td>
(Erin: Who is Isis?)
>(Joanne: Who is [**]?)
[Joanne's response was ruled incorrect and the decision was reversed after the break.]
>r />Bastet (Baset)>r />
>able width="100%">>d class="wrong">Erin>d class="right">Joanne :)>tr>>td> </tr> able>
<tr> <td>
>&#160;   >$1000 6>td>
succumb>r />
>able width="100%">>d class="right">Amy>tr>>td> </tr> able>
>Amy >Erin >Joanne :)
>$4,800 >-$400 >$800
>Scores at the end of the Jeopardy! Round:
>Amy >Erin >Joanne :)
>$6,600 >-$800 >$3,000
>Double Jeopardy! Round responses ble class="round">
<tr>d class="category_name">THE CRUSADES>tr> <tr>
>td>tr> able> <tr>d class="category_name">BODIES OF WATER>tr> <tr>
>td>tr> able> <tr>d class="category_name">SCI. ABBR.>tr> <tr>
>td>tr> able> <tr>d class="category_name">SPICE UP YOUR LIFE>tr> <tr> </tr> <tr>
>td>tr> able> <tr>d class="category_name">FROM TV TO FILM>tr> <tr>
>td>tr> able> <tr>d class="category_name">THE YEAR OF BEFORE & AFTER>tr> <tr> </tr> <tr> </tr> <tr> </tr> <tr> </tr> <tr> </tr> <tr> </tr> <tr> </tr> <tr> </tr> <tr> </tr> <tr> </tr> <tr> </tr> <tr> </tr> <tr> </tr> <tr> </tr> <tr> </tr> <tr> </tr> <tr> </tr> <tr> </tr> <tr> </tr> <tr> </tr> <tr> </tr> <tr> </tr> <tr> </tr> <tr> </tr> <tr> </tr> <tr> </tr> <tr> </tr> <tr> </tr> <tr> </tr> <tr> </tr> <tr> </tr> <tr> </tr> <tr> </tr> <tr> </tr> <tr> </tr> <tr> </tr> able>

Scores at the end of the Double Jeopardy! Round:

>td>tr> able> <tr> <td>
>&#160;   >$400 22>td>
Jerusalem>r />
>able width="100%">>d class="right">Joanne :)>tr>>td> </tr> able>
<tr> <td>
>&#160;   >$400 3>td>
the Danube>r />
>able width="100%">>d class="right">Amy>tr>>td> </tr> able>
<tr> <td>
>&#160;   >$400 11>td>
kilocalorie>r />
>able width="100%">>d class="right">Amy>tr>>td> </tr> able>
<tr> <td>
>&#160;   >$400 17>td>
poppy seeds>r />r />able>>d class="wrong">Triple Stumper>tr>>td> </tr> able> <tr> <td>
>&#160;   >$400 26>td>
Zach Galifianakis>r />
>able width="100%">>d class="right">Erin>tr>>td> </tr> able>
<tr> <td>
>&#160;   >$400 6>td>
"1999 Bottles Of Beer On The Wall">r />
>able width="100%">>d class="right">Amy>tr>>td> </tr> able>
<tr> <td>
>&#160;   >$800 25>td>
Peace of God>r />
>able width="100%">>d class="right">Amy>tr>>td> </tr> able>
<tr> <td>
>&#160;   >$800 1>td>
the North Sea>r />
>able width="100%">>d class="right">Amy>tr>>td> </tr> able>
<tr> <td>
>&#160;   >$800 12>td>
body mass index>r />
>able width="100%">>d class="right">Joanne :)>tr>>td> </tr> able>
<tr> <td>
>&#160;   >$800 18>td>
celery salt>r />
>able width="100%">>d class="right">Amy>tr>>td> </tr> able>
<tr> <td>
>&#160;   >$800 27>td>
>>Charlie's Angels>r />
>able width="100%">>d class="right">Amy>tr>>td> </tr> able>
<tr> <td>
>&#160;   >$800 7>td>
2007 year itch>r />
>able width="100%">>d class="right">Amy>tr>>td> </tr> able>
<tr> <td>
>&#160;   $1200 24>td>
the Byzantine Empire>r />
>able width="100%">>d class="right">Joanne :)>tr>>td> </tr> able>
<tr> <td>
>&#160;   $1200 2>td>
Great Bear Lake>r />
>able width="100%">>d class="right">Erin>tr>>td> </tr> able>
<tr> <td>
>&#160;   $1200 15>td>
a magnetic resonance image>r />
>able width="100%">>d class="right">Amy>tr>>td> </tr> able>
<tr> <td>
>&#160;   $1200 19>td>
anise>r />
>able width="100%">>d class="right">Amy>tr>>td> </tr> able>
<tr> <td>
>&#160;   $1200 28>td>
(Amy: What is >Hawaii Five-O?)
>(Joanne: What is The Beverly Hillbillies?)
>r />m class="correct_response">>Miami Vice>r />
>able width="100%">r>d class="wrong">Amy>d class="wrong">Joanne :)>tr>>able>>d class="wrong">Triple Stumper>tr>>td> </tr> able>
<tr> <td>
>&#160;   $1200 > href="suggestcorrection.php?clue_id=422617" title="Suggest a correction for this clue" rel="nofollow">8>td>
>m class="correct_response">>1912 Angry Men>r />
>able width="100%">>d class="right">Amy>tr>>td> </tr> able>
<tr> <td>
>&#160;   $1600 > href="suggestcorrection.php?clue_id=422634" title="Suggest a correction for this clue" rel="nofollow">23>td>
>m class="correct_response">Antioch>r />
>able width="100%">>d class="right">Amy>tr>>td> </tr> able>
<tr> <td>
>&#160;   $1600 > href="suggestcorrection.php?clue_id=422613" title="Suggest a correction for this clue" rel="nofollow">4>td>
>m class="correct_response">Guantanamo>r />
>able width="100%">>d class="right">Amy>tr>>td> </tr> able>
<tr> <td>
>&#160;   $5,000 > href="suggestcorrection.php?clue_id=422624" title="Suggest a correction for this clue" rel="nofollow">16>td>
>m class="correct_response">British thermal units>r />
>able width="100%">>d class="right">Amy>tr>>td> </tr> able>
<tr> <td>
>&#160;   $1600 > href="suggestcorrection.php?clue_id=422630" title="Suggest a correction for this clue" rel="nofollow">20>td>
>m class="correct_response">turmeric>r />
>able width="100%">>d class="right">Amy>tr>>td> </tr> able>
<tr> <td>
>&#160;   $1600 > href="suggestcorrection.php?clue_id=422638" title="Suggest a correction for this clue" rel="nofollow">29>td>
>m class="correct_response">Tim and Eric>r />
>able width="100%">>d class="right">Amy>tr>>td> </tr> able>
<tr> <td>
>&#160;   $4,000 > href="suggestcorrection.php?clue_id=422618" title="Suggest a correction for this clue" rel="nofollow">9>td>
>m class="correct_response">1840 winks>r />
>able width="100%">>d class="right">Amy>tr>>td> </tr> able>
<tr> <td>
>&#160;   $2000 > href="suggestcorrection.php?clue_id=422620" title="Suggest a correction for this clue" rel="nofollow">14>td>
>m class="correct_response">a (papal) bull>r />
>able width="100%">>d class="right">Amy>tr>>td> </tr> able>
<tr> <td>
>&#160;   $2000 > href="suggestcorrection.php?clue_id=422614" title="Suggest a correction for this clue" rel="nofollow">5>td>
>m class="correct_response">the Gulf of Sidra>r />r />able>>d class="wrong">Triple Stumper>tr>>td> </tr> able> <tr> <td>
>&#160;   $2000 > href="suggestcorrection.php?clue_id=422625" title="Suggest a correction for this clue" rel="nofollow">13>td>
>m class="correct_response">radio detection and ranging>r />r />able>>d class="wrong">Triple Stumper>tr>>td> </tr> able> <tr> <td>
>&#160;   $2000 > href="suggestcorrection.php?clue_id=422631" title="Suggest a correction for this clue" rel="nofollow">21>td>
>m class="correct_response">za'atar>r />
>able width="100%">>d class="right">Amy>tr>>td> </tr> able>
<tr> <td>
>&#160;   $2000 > href="suggestcorrection.php?clue_id=422639" title="Suggest a correction for this clue" rel="nofollow">30>td>
>m class="correct_response">Carried>r />
>able width="100%">>d class="right">Amy>tr>>td> </tr> able>
<tr> <td>
>&#160;   $2000 > href="suggestcorrection.php?clue_id=422619" title="Suggest a correction for this clue" rel="nofollow">10>td>
(Ken: You swept the category.)
>r />m class="correct_response">1815 minutes of fame>r />
>able width="100%">>d class="right">Amy>tr>>td> </tr> able>
>Amy >Erin >Joanne :)
$37,600 $800 $4,200
(>lock game)

>[wagering suggestions for these scores]

Final Jeopardy! Round responses

ble class="final_round">
<table> <tr>d class="category_name">U.S. MUSEUMS>tr>
>td>tr>
iv>
<tr> <td class="clue_text">(Ken: [To Erin] Where were you going there?)
(Erin: I was thinking Busch Museum.)
>...
(Ken: [To Joanne] Named for Marshall [*], yes. The Columbian Exposition was in Chicago.)
>d class="wrong">Erin able> >Final scores:
What is the Busc>tr>r>$799>tr>>d class="right">Joanne :)What is the Field Museum? :)>tr>r>$2,000>tr>r>>AmyWhat is the Grant Museum?>tr>r>$25,000>tr>table>the Field Museum>td> </tr> able>
>Amy >Erin >Joanne :)
>$12,600 >$1 >$6,200
>39-day champion: $1,319,800 >3rd place: $1,000 >2nd place: $2,000
>Game dynamics:

>Coryat scores:

>Amy >Erin >Joanne :)
$31,800 $2,000 $4,200
36 R
>(including 2 DDs),
2 W
8 R,
>4 W
(including 1 DD)
8 R,
>2 W
> href="help.php#combinedcoryat">Combined Coryat>: $38,000 > href="showgame.php?game_id=7248&highlight=..." rel="external">[game clues]> <a href="showscores.php?game_id=7248&highlight=..." rel="external">[game scores]> <a href="suggestcorrection.php?game_id=7248" rel="nofollow">[suggest correction]>h4>
>Game tape date: 2021-11-09
The J! Archive is created by fans, for fans. Scraping, republication, monetization, and malicious use prohibited; this site may use cookies and collect identifying information. See terms. The Jeopardy! game show and all elements thereof, including but not limited to copyright and trademark thereto, are the property of Jeopardy Productions, Inc. and are protected under law. This website is not affiliated with, sponsored by, or operated by Jeopardy Productions, Inc. Join the discussion at JBoard.tv.